Learsongs : settings of Edward Lear for soprano and alto chorus and piano duet
Αποθηκεύτηκε σε:
| Κύριος συγγραφέας: | |
|---|---|
| Άλλοι συγγραφείς: | |
| Μορφή: | Παρτιτούρα Βιβλίο |
| Γλώσσα: | English |
| Δημοσίευση: |
Oxford ; New York :
Music Department, Oxford University Press,
c1992
|
| Σειρά: | Oxford music for upper voices
|
| Θέματα: | |
| Ετικέτες: |
Προσθήκη ετικέτας
Δεν υπάρχουν, Καταχωρήστε ετικέτα πρώτοι!
|
MARC
| LEADER | 00000ncm a2200000 i 4500 | ||
|---|---|---|---|
| 001 | 1/101531 | ||
| 008 | 000211s1992 eng d | ||
| 020 | |a 0-19-337469-2 | ||
| 035 | |l 10057721 | ||
| 035 | |a 1992 | ||
| 040 | |a GR-MY-UA |b gre |e aacr | ||
| 041 | 0 | |a eng | |
| 082 | 0 | |a 782.74 | |
| 100 | 1 | |a Mathias, William. | |
| 245 | 1 | 0 | |a Learsongs : |b settings of Edward Lear for soprano and alto chorus and piano duet / |c William Mathias |
| 260 | |a Oxford ; New York : |b Music Department, Oxford University Press, |c c1992 | ||
| 300 | |a 1 score (36 p.); |c 28 cm | ||
| 490 | 1 | |a Oxford music for upper voices | |
| 500 | |a For children's voices and piano, 4 hands | ||
| 500 | |a Duration: 15:00 | ||
| 505 | 0 | |a Calico pie -- The owl and the pussycat -- The duck and the kangaroo -- Uncle Arly -- The pelican chorus | |
| 600 | 1 | 0 | |a Lear Edward |d 1812-1888 |x Musical settings. |
| 650 | 0 | 0 | |a Choruses, Secular (Children's voices, 3 parts) with piano, 4 hands. |
| 700 | 1 | |a Lear, Edward |d 1812-1888. | |
| 830 | 0 | |a Oxford music for upper voices | |
| 852 | |a INST |b RHODES |e 20000211 |h 782.74 MATH |p 005400008139 |q 005400008139 |t BK |y 0 | ||
| 909 | |a Ρ |b 024039 | ||
| 970 | |a ΧΟΡΟΖΙΔΟΥ |b ΤΖΕΝΗ |z 2000/02/11 | ||